Online
Catalog

La guerra civil en Francia / (Record no. 25679)

MARC details
000 -CABECERA
campo de control de longitud fija 00947cam a2200265u 4500
001 - NÚMERO DE CONTROL
campo de control 000026187
005 - FECHA Y HORA DE LA ÚLTIMA TRANSACCIÓN
campo de control 20200930024357.0
008 - DATOS DE LONGITUD FIJA--INFORMACIÓN GENERAL
campo de control de longitud fija 860227s1979 ve 000 |bspa
020 ## - NÚMERO INTERNACIONAL ESTÁNDAR DEL LIBRO
Número Internacional Estándar del Libro 8479533188
040 ## - FUENTE DE LA CATALOGACIÓN
Centro catalogador/agencia de origen DO-SdBNP
Centro/agencia transcriptor spa
Centro/agencia modificador BNPHU
082 ## - NÚMERO DE LA CLASIFICACIÓN DECIMAL DEWEY
Número de clasificación xxx
Número de documento/Ítem M392g
049 ## - FONDOS LOCALES (OCLC)
Fondos de biblioteca BNGR
100 1# - ENTRADA PRINCIPAL--NOMBRE DE PERSONA
Nombre de persona Marx, Carlos,
9 (RLIN) 35992
245 13 - MENCIÓN DE TÍTULO
Título La guerra civil en Francia /
Mención de responsabilidad, etc. Carlos Marx.
246 03 - FORMA VARIANTE DE TÍTULO
Título propio/Titulo breve La revolución proletaria y el renegado Kaustry
246 03 - FORMA VARIANTE DE TÍTULO
Título propio/Titulo breve La toma poder
250 ## - MENCIÓN DE EDICIÓN
Mención de edición 2a ed.
260 ## - PUBLICACIÓN, DISTRIBUCIÓN, ETC.
Lugar de publicación, distribución, etc. Caracas :
Nombre del editor, distribuidor, etc. Ateneo de Caracas,
Fecha de publicación, distribución, etc. 1979.
300 ## - DESCRIPCIÓN FÍSICA
Extensión 330 p. ;
Dimensiones 23 cm.
490 1# - MENCIÓN DE SERIE
Mención de serie Clásicos de la Política
Designación de volumen o secuencia 2
505 ## - NOTA DE CONTENIDO CON FORMATO
Título La guerra civil en Francia /
Mención de responsabilidad Carlos Marx
Título La revolución proletaria y el renegado Kaustry /
Mención de responsabilidad Vladimir I. Lenin
Título La toma poder /
Mención de responsabilidad Moisés Moleiro
534 ## - NOTA SOBRE LA VERSIÓN ORIGINAL
Encabezamiento principal del original Título original :
-- The witch and the warrior.
700 1# - PUNTO DE ACCESO ADICIONAL--NOMBRE DE PERSONA
Nombre de persona Carmona Mencía, Carmen ,
Término indicativo de función/relación tr.
9 (RLIN) 53193
830 #0 - PUNTO DE ACCESO ADICIONAL DE SERIE-TÍTULO UNIFORME
Título uniforme Clásicos de la Política,
Designación de volumen o secuencia 2
9 (RLIN) 53199
Holdings
Estado de retiro Estado de pérdida Restricciones de uso No para préstamo Código de colección Localización permanente Ubicación/localización actual Ubicación en estantería Fecha de adquisición Número de inventario Total de préstamos Signatura topográfica completa Código de barras Fecha visto por última vez Precio válido a partir de Tipo de ítem Koha
      Excluido de préstamo Monografías: Libros y Folletos General General En catalogación 03.03.2011 LF1   xxx M392g 26187-10 25.06.2020 25.06.2020 No se presta

Powered by Koha